Vplyv halloyzitu na fyzikálno-chemické vlastnosti alginátových mikrosfér vyvíjaných pre imunoprotekciu pankreatických ostrovčekov

Salvato in:
Dettagli Bibliografici
Autore principale: Benovičová, Lucia (Autore)
Altri autori: Rázga, Filip (Relatore della tesi)
Natura: Manoscritto Libro
Lingua:slovacco
Pubblicazione: 2018
Soggetti:
Accesso online:http://is.stuba.sk/zp/portal_zp.pl?podrobnosti=136493
Tags: Aggiungi Tag
Nessun Tag, puoi essere il primo ad aggiungerne!!

MARC

LEADER 00000ntm a22000003a 4500
001 stuzp68974
003 SK-STU
005 20180602210916.6
007 ta
008 150427s2015----xo-----f-mn---000-0-slo-d
040 |a STU  |b slo 
041 0 |a slo 
100 1 |a Benovičová, Lucia  |u 049370  |4 aut  |U FCHPT Ústav prírodných a syntetických polymérov  |T FCHPT Oddelenie plastov, kaučuku a vlákien  |X 64581  |U C9370  |Y 128  |7 64581 
242 0 1 |a The effect of halloysite on the physico-chemical properties of alginate microbeads developed for immunoprotection of pancreatic islets  |y eng 
245 1 0 |a Vplyv halloyzitu na fyzikálno-chemické vlastnosti alginátových mikrosfér vyvíjaných pre imunoprotekciu pankreatických ostrovčekov 
260 |c 2018 
650 4 |a halloyzit  |2 slo 
650 4 |a purifikácia  |2 slo 
650 4 |a homogenizácia  |2 slo 
650 4 |a alginát sodný  |2 slo 
650 4 |a diabetes mellitus  |2 slo 
650 4 |a mikroenkapsulácia  |2 slo 
650 4 |a mikrosféra  |2 slo 
650 4 |a halloysite  |2 eng 
650 4 |a purification  |2 eng 
650 4 |a homogenization  |2 eng 
650 4 |a sodium alginate  |2 eng 
650 4 |a microsphere  |2 eng 
650 4 |a diabetes mellitus  |2 eng 
650 4 |a microencapsulation  |2 eng 
700 1 |a Rázga, Filip  |4 ths  |X 67798  |7 67798 
856 4 |u http://is.stuba.sk/zp/portal_zp.pl?podrobnosti=136493